Catálogo
 En Linea

El hombre de la rosa blanca : (Registro nro. 24732)

Detalles MARC
000 -CABECERA
campo de control de longitud fija 00645nam a2200193 a 4500
001 - NÚMERO DE CONTROL
campo de control 000025239
005 - FECHA Y HORA DE LA ÚLTIMA TRANSACCIÓN
campo de control 20240422104515.0
008 - DATOS DE LONGITUD FIJA--INFORMACIÓN GENERAL
campo de control de longitud fija 110211s1976 cr r 000 0 spa d
040 ## - FUENTE DE LA CATALOGACIÓN
Centro catalogador/agencia de origen DO-SdBNP
Lengua de catalogación spa
Centro/agencia transcriptor BNPHU
082 ## - NÚMERO DE LA CLASIFICACIÓN DECIMAL DEWEY
Número de clasificación NNN
Número de documento/Ítem B142h
049 ## - FONDOS LOCALES (OCLC)
Fondos de biblioteca BNGR
100 1# - ENTRADA PRINCIPAL--NOMBRE DE PERSONA
Nombre de persona Baeza Flores, Alberto,
Fechas asociadas al nombre 1914-1998
9 (RLIN) 7565
245 10 - MENCIÓN DE TÍTULO
Título El hombre de la rosa blanca :
Resto del título nueva biografía de José Martí /
Mención de responsabilidad, etc. Alberto Baeza Flores.
260 ## - PUBLICACIÓN, DISTRIBUCIÓN, ETC.
Lugar de publicación, distribución, etc. San José, Costa Rica :
Nombre del editor, distribuidor, etc. Epoca y Ser,
Fecha de publicación, distribución, etc. 1976.
300 ## - DESCRIPCIÓN FÍSICA
Extensión 311, [2] p. ;
Dimensiones 22 cm.
490 1# - MENCIÓN DE SERIE
Mención de serie Tiempo de ahora
500 ## - NOTA GENERAL
Nota general Incluye datos del autor en la solapa y en la cubierta
830 #0 - PUNTO DE ACCESO ADICIONAL DE SERIE-TÍTULO UNIFORME
Título uniforme Tiempo de ahora
9 (RLIN) 51728
Existencias
Estado de retiro Estado de pérdida Restricciones de uso No para préstamo Código de colección Localización permanente Ubicación/localización actual Ubicación en estantería Fecha de adquisición Número de inventario Total de préstamos Signatura topográfica completa Código de barras Fecha visto por última vez Precio válido a partir de Tipo de ítem Koha
        Monografías: Libros y Folletos General General En catalogación 11.02.2011 LF1   NNN B142h 25239-10 25.06.2020 25.06.2020 Préstamo en sala

Con tecnología Koha